000 00447nam a2200145Ia 4500
008 100204s9999 xx 000 0 und d
082 _b10764
100 _aकदम बा.
245 _aबॉम्बे पोलिस
260 _b"मधुर पब्लिकेशन , पुणे 2"
_c1988
300 _a306
630 _aबॉम्बे पोलिस
730 _aबॉम्बे पोलिस
942 _cBOOK
999 _c455200
_d455197